[Event "ICS rated blitz match"]
[Site "204.178.125.65"]
[Date "1999.09.14"]
[Round "?"]
[White "Hossa"]
[Black "newfisher"]
[Result "1/2-1/2"]
[WhiteElo "2387"]
[BlackElo "2057"]
[PlyCount "137"]
[EventDate "1999.??.??"]

1. e4 e6 2. d4 d5 3. Nc3 Bb4 4. e5 c5 5. a3 Ba5 6. b4 cxd4 7. Nb5 Bc7 8. Qxd4
Nc6 9. Nxc7+ Qxc7 10. Bb5 Nge7 11. Qc3 O-O 12. Nf3 Ng6 13. Bb2 Bd7 14. Bxc6
Qxc6 15. Qxc6 Bxc6 16. a4 Rac8 17. Bd4 a6 18. O-O b5 19. Bc5 Rfd8 20. axb5 Bxb5
21. Rfe1 Nf8 22. Ra2 Nd7 23. Bd4 Ra8 24. h3 h6 25. Ra3 Kf8 26. Bc3 Rdc8 27. Nd4
Nb6 28. f4 g6 29. g4 Nc4 30. Raa1 Nb6 31. Re3 Nc4 32. Rg3 Ke7 33. h4 Rg8 34.
Rd1 h5 35. g5 Rgc8 36. Kg2 Nb6 37. Bd2 Bc4 38. Ra3 Bb5 39. Be3 Nc4 40. Rc3
Nxe3+ 41. Rxe3 Rc4 42. c3 Rac8 43. Rdd3 R4c7 44. Nxb5 axb5 45. Kf3 Ra7 46. Kg3
Ra3 47. Kg2 Rca8 48. Kf3 Ra2 49. Kg3 Rc2 50. Rd1 Raa2 51. Rf1 Rg2+ 52. Kf3 Rh2
53. Rg1 Rxh4 54. Rd3 Rh3+ 55. Rg3 Rxg3+ 56. Kxg3 Rc2 57. Kf3 Kd7 58. Kg3 Kc6
59. Kf3 Rc1 60. Kg3 Rc2 61. Kf3 Ra2 62. Kg3 Ra8 63. Rd2 Ra4 64. Rd1 Ra3 65. Rd3
Kb6 66. Kh4 Kc6 67. Kg3 Kb6 68. Kh4 Kc6 69. Kg3 {Game drawn by repetition}
1/2-1/2

[Event "ICS rated blitz match"]
[Site "204.178.125.65"]
[Date "1999.09.12"]
[Round "?"]
[White "Hossa"]
[Black "newfisher"]
[Result "1-0"]
[WhiteElo "2480"]
[BlackElo "2071"]
[PlyCount "95"]
[EventDate "1999.??.??"]

1. d4 d5 2. c4 e6 3. Nc3 Nf6 4. Bg5 Be7 5. e3 c6 6. Bd3 O-O 7. Nge2 Nbd7 8. O-O
a6 9. cxd5 exd5 10. Bf5 Re8 11. Rc1 Nf8 12. Qd3 Bxf5 13. Qxf5 Qc8 14. Ng3 Qxf5
15. Nxf5 N8d7 16. f3 h6 17. Bxf6 Bxf6 18. Kf2 Re6 19. a3 h5 20. b4 g6 21. Ng3
Nb6 22. Rfe1 Nc4 23. Nce4 dxe4 24. Rxc4 exf3 25. gxf3 Bh4 26. Rg1 Bxg3+ 27.
Rxg3 Rae8 28. e4 Kh7 29. a4 Rd6 30. a5 Red8 31. Ke3 Kg7 32. f4 Kf8 33. Rg5 Ke7
34. f5 Rf6 35. fxg6 fxg6 36. e5 Re6 37. h4 Rf8 38. Rc2 Rf1 39. Rgg2 Rh1 40. Rh2
Rb1 41. Rb2 Rf1 42. Kd3 Rf3+ 43. Kc4 Rf4 44. Kc5 Kd7 45. Rbf2 Rxf2 46. Rxf2 Re7
47. Rf6 Kd8 48. Rxg6 {newfisher resigns} 1-0

[Event "ICS rated blitz match"]
[Site "204.178.125.65"]
[Date "1999.09.25"]
[Round "?"]
[White "Hossa"]
[Black "nissen"]
[Result "1-0"]
[WhiteElo "2483"]
[BlackElo "2204"]
[PlyCount "107"]
[EventDate "1999.??.??"]

1. e4 c6 2. Nc3 d5 3. Qf3 dxe4 4. Nxe4 Nf6 5. Ng5 Bg4 6. Qb3 e6 7. Qxb7 Nbd7 8.
Qxc6 h6 9. Ne4 Nxe4 10. Qxe4 Bf5 11. Qa4 Bc5 12. g4 Bg6 13. Bb5 a6 14. Bxd7+
Qxd7 15. Qxd7+ Kxd7 16. d3 Rhc8 17. Nh3 Bd4 18. Kd2 Be5 19. f4 Bd4 20. c3 Bb6
21. Rf1 h5 22. f5 exf5 23. gxf5 Bh7 24. Nf4 Rc5 25. Nxh5 Rxf5 26. Rxf5 Bxf5 27.
Nxg7 Bg4 28. Kc2 Rg8 29. Bh6 Ke7 30. Rf1 Rh8 31. Bg5+ Kf8 32. h4 Kxg7 33. Bf6+
Kg8 34. Bxh8 Kxh8 35. Rxf7 a5 36. b4 axb4 37. cxb4 Kg8 38. Rf6 Bd4 39. Rg6+ Kf7
40. Rxg4 Be5 41. a4 Kf6 42. a5 Kf5 43. Rg5+ Ke6 44. Rxe5+ Kxe5 45. a6 Kd5 46.
a7 Ke5 47. a8=Q Kd6 48. Kb3 Ke5 49. Qe4+ Kd6 50. Kc4 Kd7 51. Kc5 Kc7 52. Qe7+
Kc8 53. Kc6 Kb8 54. Qb7# {nissen checkmated} 1-0

[Event "ICS rated blitz match"]
[Site "204.178.125.65"]
[Date "1999.10.01"]
[Round "?"]
[White "Hossa"]
[Black "oldsock"]
[Result "1-0"]
[WhiteElo "2344"]
[BlackElo "2204"]
[PlyCount "155"]
[EventDate "1999.??.??"]

1. e4 c5 2. Nf3 Nc6 3. d4 cxd4 4. Nxd4 Nf6 5. Nc3 d6 6. Bg5 Qa5 7. Bxf6 gxf6 8.
Bb5 Bd7 9. Nb3 Qc7 10. Nd5 Qd8 11. O-O e6 12. Nc3 Qc7 13. Qh5 Rg8 14. Bxc6 Bxc6
15. Nd4 Bd7 16. Qxh7 Rg7 17. Qh4 Rg5 18. f4 Rg6 19. Qf2 O-O-O 20. Ndb5 Qc5 21.
Qxc5+ dxc5 22. Nxa7+ Kb8 23. Nab5 Bc6 24. Rad1 Rxd1 25. Rxd1 Be7 26. Rd2 b6 27.
Nd6 Bxd6 28. Rxd6 Kc7 29. Rd2 b5 30. a3 b4 31. axb4 cxb4 32. Na2 b3 33. Nc3
bxc2 34. Rxc2 Kb6 35. g3 Rg8 36. Kf2 Rd8 37. g4 Rh8 38. Kg3 Bb7 39. h4 Ba6 40.
h5 Bd3 41. Rd2 Bb5 42. Nxb5 Kxb5 43. Rd7 Rh7 44. Kf3 Kc6 45. Re7 Kd6 46. Ra7
Kc6 47. Ra5 Kd6 48. b3 Kc6 49. b4 Kb6 50. Rc5 Kb7 51. Kg3 Kb6 52. Kf2 Kb7 53.
Kf3 Kb6 54. Ra5 Kb7 55. Kg3 Kb6 56. Kg2 Kb7 57. Kh3 Kb6 58. Rc5 Kb7 59. Kh4 Kb6
60. e5 Kb7 61. exf6 Kb6 62. f5 Kb7 63. fxe6 fxe6 64. Re5 Kc7 65. Rxe6 Kd7 66.
Re7+ Rxe7 67. fxe7 Kxe7 68. h6 Kd6 69. h7 Kd5 70. h8=Q Kc4 71. Qd4+ Kb3 72.
Qc3+ Ka4 73. b5 Kxb5 74. g5 Kb6 75. g6 Kb7 76. g7 Kb6 77. g8=Q Kb7 78. Qc5 {
oldsock resigns} 1-0

[Event "ICS rated blitz match"]
[Site "204.178.125.65"]
[Date "1999.09.12"]
[Round "?"]
[White "Hossa"]
[Black "philby"]
[Result "1-0"]
[WhiteElo "2480"]
[BlackElo "2178"]
[PlyCount "45"]
[EventDate "1999.??.??"]

1. e4 e5 2. Nf3 Nf6 3. Nxe5 Qe7 4. d4 d6 5. Nf3 Nxe4 6. Be2 Bg4 7. O-O d5 8.
Re1 Nd7 9. Nc3 Nxc3 10. bxc3 O-O-O 11. Bd2 Nf6 12. Ne5 Bxe2 13. Qxe2 Qe6 14.
Qb5 c6 15. Qa5 Ne4 16. Bf4 Qf6 17. Ng6 Bd6 18. Bxd6 Qxf2+ 19. Kh1 Rd7 20. Qxa7
Rxd6 21. Rxe4 Qxc2 22. Qa8+ Kd7 23. Re7# {philby checkmated} 1-0

[Event "ICS rated blitz match"]
[Site "204.178.125.65"]
[Date "1999.09.04"]
[Round "?"]
[White "Hossa"]
[Black "philby"]
[Result "1-0"]
[WhiteElo "2441"]
[BlackElo "2079"]
[PlyCount "65"]
[EventDate "1999.??.??"]

1. e4 e5 2. Nf3 Nc6 3. Bb5 f5 4. Bxc6 dxc6 5. O-O fxe4 6. Nxe5 Qd4 7. Ng4 h5 8.
Ne3 Nf6 9. Nc3 Bd6 10. Ne2 Qe5 11. Ng3 h4 12. Nc4 Qe6 13. Nxd6+ Qxd6 14. Nxe4
Nxe4 15. Re1 Bf5 16. d3 O-O-O 17. Qf3 Qg6 18. dxe4 Bg4 19. Qe3 h3 20. Qxa7 hxg2
21. Qa8+ Kd7 22. Qxb7 Qd6 23. e5 Qg6 24. Bf4 Be6 25. Rad1+ Bd5 26. e6+ Ke8 27.
e7 Rd7 28. Qc8+ Kf7 29. e8=Q+ Kf6 30. Qe5+ Kf7 31. Qxh8 Be6 32. Rxd7+ Bxd7 33.
Qe7# {philby checkmated} 1-0

[Event "ICS rated blitz match"]
[Site "204.178.125.65"]
[Date "1999.10.14"]
[Round "?"]
[White "Hossa"]
[Black "pila"]
[Result "1-0"]
[WhiteElo "2355"]
[BlackElo "2162"]
[PlyCount "107"]
[EventDate "1999.??.??"]

1. e4 e6 2. d4 d5 3. Nc3 Nf6 4. Bg5 Be7 5. e5 Nfd7 6. Be3 c5 7. Qg4 Kf8 8. Nf3
Nc6 9. Bd3 cxd4 10. Bxd4 Nxd4 11. Qxd4 Qb6 12. Qxb6 Nxb6 13. O-O Bd7 14. Rab1
h6 15. Rfd1 g6 16. Nd4 Kg7 17. Bb5 a6 18. Bxd7 Nxd7 19. Nf3 Bc5 20. Nxd5 exd5
21. Rxd5 Rhd8 22. Rbd1 Rdc8 23. Rxd7 Bb6 24. Rxb7 Rab8 25. Rxb8 Rxb8 26. c4 Rc8
27. b3 Rc7 28. Rd6 Rb7 29. Nd2 a5 30. Ne4 Bc7 31. Rd7 Ra7 32. Nf6 Bb6 33. Rd5
Re7 34. a3 Bc7 35. Nd7 g5 36. b4 Kg6 37. b5 Kf5 38. b6 Bxb6 39. Nxb6 Rb7 40.
Rb5 Ke6 41. c5 Rc7 42. Rxa5 Kxe5 43. Ra4 Ke6 44. Rc4 Ke7 45. Nd5+ Kd7 46. Nxc7
Kxc7 47. Kf1 f5 48. Ke2 Kc6 49. Kd3 Kd5 50. c6 Kd6 51. c7 f4 52. c8=Q g4 53.
Rc6+ Ke5 54. Qe6# {pila checkmated} 1-0

[Event "ICS rated blitz match"]
[Site "204.178.125.65"]
[Date "1999.10.15"]
[Round "?"]
[White "Hossa"]
[Black "pila"]
[Result "1-0"]
[WhiteElo "2412"]
[BlackElo "2189"]
[PlyCount "97"]
[EventDate "1999.??.??"]

1. e4 e6 2. d4 d5 3. Nc3 Nf6 4. Bg5 Be7 5. e5 Nfd7 6. Be3 c5 7. Qg4 g6 8. Nf3
cxd4 9. Qxd4 Nc6 10. Qa4 Qc7 11. Nb5 Qa5+ 12. Qxa5 Nxa5 13. Nc7+ Kd8 14. Nxa8
b6 15. Bh6 Bb7 16. Ng5 Ke8 17. Nc7+ Kd8 18. Nxf7+ Kxc7 19. Nxh8 Nxe5 20. Bg7
Nec4 21. Nf7 Nxb2 22. Bxb2 Bb4+ 23. Kd1 Kd7 24. c3 Be7 25. Bb5+ Nc6 26. Re1 a6
27. Ne5+ Kd6 28. Bxc6 Bxc6 29. Ba3+ Kc7 30. Bxe7 Bb5 31. a4 Be8 32. Ke2 h6 33.
Ke3 g5 34. Bf6 Bh5 35. Bg7 Kd6 36. Rab1 Kc7 37. Bxh6 Be8 38. Bxg5 Bxa4 39. Kd3
Bb5+ 40. Kd4 Be8 41. g4 b5 42. Ra1 Kd6 43. Rxa6+ Kc7 44. Rxe6 Bd7 45. Re7 b4
46. Rxd7+ Kb6 47. Bd8+ Kb5 48. Ra7 bxc3 49. Rb1# {pila checkmated} 1-0

[Event "ICS rated blitz match"]
[Site "204.178.125.65"]
[Date "1999.09.05"]
[Round "?"]
[White "Hossa"]
[Black "pjwlscht"]
[Result "1-0"]
[WhiteElo "2511"]
[BlackElo "2327"]
[PlyCount "83"]
[EventDate "1999.??.??"]

1. d4 f5 2. g3 Nf6 3. Bg2 e6 4. Nf3 d5 5. Bg5 Bd6 6. Bxf6 Qxf6 7. Nc3 Nd7 8.
Nb5 Bb4+ 9. c3 Ba5 10. a4 c6 11. Nd6+ Ke7 12. Nxc8+ Raxc8 13. O-O Rhe8 14. b4
Bc7 15. Nd2 Kf8 16. e3 Kg8 17. c4 g5 18. b5 g4 19. f3 h5 20. fxg4 hxg4 21. Qe2
Qg5 22. a5 Nf6 23. a6 bxa6 24. bxc6 a5 25. Ra3 Ne4 26. Nxe4 fxe4 27. cxd5 exd5
28. Qa2 Rf8 29. Bxe4 Rxf1+ 30. Kxf1 Rf8+ 31. Kg2 Rd8 32. Rxa5 Bxa5 33. Qxa5 Qe7
34. Bf5 Rf8 35. c7 Qxe3 36. Qxd5+ Kh8 37. Qe5+ Qxe5 38. dxe5 a5 39. Bxg4 a4 40.
c8=Q Rxc8 41. Bxc8 a3 42. Be6 {pjwlscht resigns} 1-0

[Event "ICS rated blitz match"]
[Site "204.178.125.65"]
[Date "1999.10.03"]
[Round "?"]
[White "Hossa"]
[Black "pmg"]
[Result "1-0"]
[WhiteElo "2359"]
[BlackElo "2079"]
[PlyCount "51"]
[EventDate "1999.??.??"]

1. e4 c5 2. c3 d5 3. exd5 Qxd5 4. d4 Nc6 5. Be3 cxd4 6. cxd4 e6 7. Nc3 Qd8 8.
Bb5 Nf6 9. Nge2 Be7 10. O-O O-O 11. Bxc6 bxc6 12. Bg5 Nd5 13. Bxe7 Qxe7 14. Re1
Rb8 15. Qc2 Ba6 16. Rad1 Rfc8 17. Ne4 Bxe2 18. Qxe2 Qb4 19. Rd2 Rd8 20. Qd3 Nf4
21. Qe3 Nd5 22. Qg5 h6 23. Qe5 Kh8 24. Red1 Qa5 25. b3 Nc3 26. Qxa5 {
pmg resigns} 1-0

[Event "ICS rated blitz match"]
[Site "204.178.125.65"]
[Date "1999.09.24"]
[Round "?"]
[White "Hossa"]
[Black "postalex"]
[Result "1-0"]
[WhiteElo "2378"]
[BlackElo "2120"]
[PlyCount "87"]
[EventDate "1999.??.??"]

1. e4 Nc6 2. Nf3 d6 3. Bb5 a6 4. Bxc6+ bxc6 5. O-O g6 6. d4 Bg7 7. c4 Nf6 8.
Nc3 O-O 9. Bg5 h6 10. Bxf6 exf6 11. Qa4 Bd7 12. c5 d5 13. Rfe1 Re8 14. b4 dxe4
15. Nxe4 Bg4 16. Ned2 Qd5 17. Rxe8+ Rxe8 18. Qxa6 f5 19. Qd3 Re4 20. Nb3 Bxf3
21. Qxf3 Bxd4 22. Rd1 Bg7 23. h3 Qe5 24. a3 Re1+ 25. Rxe1 Qxe1+ 26. Kh2 Be5+
27. g3 h5 28. Kg2 h4 29. gxh4 Bg7 30. h5 Bb2 31. hxg6 fxg6 32. Qxc6 Qe4+ 33.
Qxe4 fxe4 34. a4 Ba3 35. a5 Bxb4 36. a6 Bxc5 37. Nxc5 Kf7 38. a7 Ke7 39. Nxe4
c5 40. a8=Q Ke6 41. Qc6+ Ke5 42. f3 Kd4 43. Qxc5+ Kd3 44. Kf2 {postalex resigns
} 1-0

[Event "ICS rated blitz match"]
[Site "204.178.125.65"]
[Date "1999.08.30"]
[Round "?"]
[White "Hossa"]
[Black "postalex"]
[Result "1-0"]
[WhiteElo "2501"]
[BlackElo "2100"]
[PlyCount "46"]
[EventDate "1999.??.??"]

1. d4 d5 2. c4 e6 3. cxd5 exd5 4. Nc3 Nf6 5. Bg5 Be7 6. e3 O-O 7. Bd3 Nbd7 8.
Nge2 c6 9. O-O Re8 10. Bf5 Nf8 11. Qd3 Bxf5 12. Qxf5 Qd7 13. Ng3 h6 14. Bxf6
Bxf6 15. Qf3 Ne6 16. Nf5 Ng5 17. Nxh6+ Kh7 18. Qg4 Re6 19. Nf5 g6 20. f4 Ne4
21. Nxe4 dxe4 22. Ng3 Rd8 23. f5 23... g5 {postalex resigns} 1-0

[Event "ICS rated blitz match"]
[Site "204.178.125.65"]
[Date "1999.09.22"]
[Round "?"]
[White "Hossa"]
[Black "prg3"]
[Result "1-0"]
[WhiteElo "2119"]
[BlackElo "2013"]
[PlyCount "41"]
[EventDate "1999.??.??"]

1. d4 d5 2. c4 c6 3. Nc3 Nf6 4. Nf3 dxc4 5. e3 b5 6. a4 Nd5 7. Be2 Bb7 8. O-O
e6 9. e4 Nxc3 10. bxc3 Be7 11. Rb1 a6 12. Bxc4 O-O 13. Bd3 Nd7 14. Qc2 Re8 15.
Be3 Nf8 16. Qd2 Rc8 17. c4 b4 18. a5 Qxa5 19. c5 Rb8 20. Bf4 Rbd8 21. Ra1 {
prg3 resigns} 1-0

[Event "ICS rated blitz match"]
[Site "204.178.125.65"]
[Date "1999.09.19"]
[Round "?"]
[White "Hossa"]
[Black "queen666"]
[Result "0-1"]
[WhiteElo "2496"]
[BlackElo "2068"]
[PlyCount "90"]
[EventDate "1999.??.??"]

1. e4 e5 2. Bc4 Nf6 3. d3 c6 4. Ne2 d5 5. exd5 cxd5 6. Bb3 Be7 7. f4 O-O 8.
fxe5 Ng4 9. d4 f6 10. h3 fxe5 11. hxg4 Bxg4 12. dxe5 Bh4+ 13. Kd2 Rf2 14. Nbc3
Qg5+ 15. Kd3 Qf5+ 16. Kd4 Nc6+ 17. Kc5 Be7+ 18. Kxd5 Rd8+ 19. Kc4 Rxd1 20. Rxd1
Bxe2+ 21. Nxe2 Rxe2 22. Kc3+ Kf8 23. Rd5 Bb4+ 24. Kc4 Qe4+ 25. Kb5 Nd4+ 26. Ka4
Nxb3 27. Rd8+ Ke7 28. Bg5+ Ke6 29. Kxb3 Be7 30. Bxe7 Qxc2+ 31. Kb4 Qxb2+ 32.
Ka5 Kxe7 33. Rd7+ Kxd7 34. Rd1+ Ke6 35. Rd6+ Kxe5 36. Rd3 Qb6+ 37. Ka4 Qa6+ 38.
Kb4 Qxd3 39. Kc5 b6+ 40. Kc6 Rc2+ 41. Kb7 Qd5+ 42. Kxa7 Rxa2+ 43. Kxb6 Rb2+ 44.
Kc7 Rb7+ 45. Kc8 45... Qd7# {Hossa checkmated} 0-1

[Event "ICS rated blitz match"]
[Site "204.178.125.65"]
[Date "1999.09.01"]
[Round "?"]
[White "Hossa"]
[Black "ravengar"]
[Result "1-0"]
[WhiteElo "2511"]
[BlackElo "2351"]
[PlyCount "87"]
[EventDate "1999.??.??"]

1. d4 Nf6 2. c4 g6 3. Nc3 d5 4. cxd5 Nxd5 5. e4 Nxc3 6. bxc3 Bg7 7. Bb5+ c6 8.
Bc4 O-O 9. Ne2 c5 10. O-O Nc6 11. Be3 cxd4 12. cxd4 Bg4 13. f3 Na5 14. Bxf7+
Rxf7 15. fxg4 Rxf1+ 16. Qxf1 Qd7 17. g5 Nc4 18. Qf3 Nxe3 19. Qxe3 Rc8 20. Rd1
Qa4 21. Rd2 Qb4 22. Qb3+ Qxb3 23. axb3 a5 24. g4 b5 25. Ra2 Ra8 26. h4 a4 27.
Ra3 e6 28. Kg2 Bf8 29. Ra2 a3 30. Nf4 Kf7 31. d5 exd5 32. Nxd5 Bd6 33. b4 Ra4
34. Kf3 Bxb4 35. Nxb4 Rxb4 36. Rxa3 Ke6 37. Ra7 Rb1 38. Rxh7 b4 39. Rg7 b3 40.
Rxg6+ Ke5 41. Rb6 Rh1 42. Rb5+ Kd4 43. g6 Rh3+ 44. Kf4 {ravengar resigns} 1-0

[Event "ICS rated blitz match"]
[Site "204.178.125.65"]
[Date "1999.09.08"]
[Round "?"]
[White "Hossa"]
[Black "ravengar"]
[Result "1-0"]
[WhiteElo "2519"]
[BlackElo "2351"]
[PlyCount "93"]
[EventDate "1999.??.??"]

1. e4 e5 2. Bc4 Nc6 3. d3 Bc5 4. Ne2 d6 5. O-O Be6 6. Bxe6 fxe6 7. Nbc3 a6 8.
Be3 Bxe3 9. fxe3 Nf6 10. Ng3 O-O 11. Nh5 Qe7 12. b3 Nxh5 13. Qxh5 Rxf1+ 14.
Rxf1 Rf8 15. Rxf8+ Qxf8 16. a3 Qf7 17. Qh3 h6 18. Ne2 Qf6 19. c4 Kf7 20. Nc3
Na5 21. b4 Nc6 22. Qf3 Qxf3 23. gxf3 Ne7 24. f4 exf4 25. exf4 c6 26. Kf2 d5 27.
cxd5 cxd5 28. Na4 dxe4 29. dxe4 Nc8 30. Nc5 Nd6 31. e5 Nc4 32. Nxb7 Nxa3 33.
Nc5 Nb5 34. Nxa6 g5 35. fxg5 hxg5 36. Ke3 Kg6 37. Nb8 Kf5 38. Nc6 Kg4 39. Nd4
Nc7 40. Ke4 Kh3 41. b5 Kxh2 42. b6 Na6 43. Nf3+ Kg3 44. Nxg5 Kg4 45. Nxe6 Nb8
46. Nf8 Kg5 47. e6 {ravengar resigns} 1-0

[Event "ICS rated blitz match"]
[Site "204.178.125.65"]
[Date "1999.10.17"]
[Round "?"]
[White "Hossa"]
[Black "ravengar"]
[Result "1-0"]
[WhiteElo "2523"]
[BlackElo "2444"]
[PlyCount "81"]
[EventDate "1999.??.??"]

1. d4 Nf6 2. Nf3 g6 3. c4 Bg7 4. Nc3 d5 5. cxd5 Nxd5 6. e4 Nxc3 7. bxc3 O-O 8.
Ba3 Nc6 9. Rb1 b6 10. Bb5 Bb7 11. O-O Na5 12. Qe2 Bc6 13. Bb4 Bxb5 14. Qxb5 Nb7
15. Qc6 Nd6 16. c4 Rc8 17. e5 Nf5 18. d5 Qe8 19. Qxe8 Rfxe8 20. g4 Nh6 21. h3
Bf8 22. Nd4 e6 23. Bxf8 Kxf8 24. Nc6 f6 25. exf6 Nf7 26. Nxa7 exd5 27. Nxc8
Rxc8 28. cxd5 g5 29. Rfc1 Nd6 30. Rc6 Ne8 31. Rbxb6 Rd8 32. Rb5 Ra8 33. Rb2 Kf7
34. Re2 Ra5 35. Re7+ Kf8 36. Rxh7 Rxa2 37. Re6 Nd6 38. Ree7 Ra1+ 39. Kg2 Kg8
40. Reg7+ Kf8 41. Rh8# {ravengar checkmated} 1-0

[Event "ICS rated blitz match"]
[Site "204.178.125.65"]
[Date "1999.10.18"]
[Round "?"]
[White "Hossa"]
[Black "rb"]
[Result "1-0"]
[WhiteElo "2450"]
[BlackElo "2423"]
[PlyCount "141"]
[EventDate "1999.??.??"]

1. d4 Nf6 2. Nf3 d5 3. e3 Bg4 4. h3 Bxf3 5. gxf3 e6 6. Rg1 c6 7. Nc3 Qc7 8. e4
Qh2 9. Rg5 h6 10. Rg3 Qh1 11. e5 Nh5 12. Rg4 Nd7 13. Be3 Bb4 14. Qe2 f5 15. Rg6
Bxc3+ 16. bxc3 Nf8 17. Rg2 f4 18. Bd2 g5 19. O-O-O Ng6 20. Rg4 Qh2 21. Bg2 Nh4
22. Rh1 Ng3 23. Rxg3 fxg3 24. Rxh2 gxh2 25. Bh1 O-O-O 26. f4 Rdf8 27. Qg4 Rf5
28. Qg3 Rhf8 29. f3 Kb8 30. Kb2 Ng6 31. fxg5 hxg5 32. Bxg5 Ka8 33. Bh6 Rg8 34.
Be3 Ne7 35. Qxh2 Rh8 36. Kb3 Kb8 37. a4 Rfh5 38. Bg2 Nf5 39. Bf2 Nh4 40. Bxh4
Rxh4 41. Qg3 a6 42. a5 R4h6 43. c4 Ka7 44. c5 Rh4 45. c3 R4h6 46. Qg4 Kb8 47.
h4 Ka8 48. Ka4 Ka7 49. Kb4 Ka8 50. Bf1 Ka7 51. Bd3 Rxh4 52. Qxe6 Rf4 53. Be2
Rh2 54. Bd1 Rb2+ 55. Ka3 Rb5 56. Qh3 Rxa5+ 57. Ba4 Rf8 58. Kb4 Rxa4+ 59. Kxa4
Rf7 60. Ka5 Rf8 61. e6 Re8 62. Qf5 Rh8 63. e7 Rh1 64. e8=Q Ra1+ 65. Kb4 a5+ 66.
Kb3 a4+ 67. Kb4 a3 68. Qfc8 Rb1+ 69. Ka4 b5+ 70. Ka5 Rg1 71. Qa8# {
rb checkmated} 1-0

[Event "ICS rated blitz match"]
[Site "204.178.125.65"]
[Date "1999.09.12"]
[Round "?"]
[White "Hossa"]
[Black "reyseductor"]
[Result "0-1"]
[WhiteElo "2476"]
[BlackElo "2180"]
[PlyCount "68"]
[EventDate "1999.??.??"]

1. e4 e5 2. Nf3 Nc6 3. Bb5 a6 4. Ba4 Nf6 5. O-O Be7 6. Re1 b5 7. Bb3 O-O 8. c3
d5 9. exd5 Nxd5 10. Nxe5 Nxe5 11. Rxe5 c6 12. Bxd5 cxd5 13. d4 Bd6 14. Re3 Qh4
15. h3 f5 16. Qb3 Bb7 17. Qd1 f4 18. Re6 Rad8 19. Nd2 Bc8 20. Nf3 Qh5 21. Re1
g5 22. a4 g4 23. Ne5 f3 24. hxg4 Bxg4 25. axb5 Rde8 26. Qd2 Rf5 27. Nxg4 Rxe1+
28. Qxe1 Qxg4 29. g3 Rh5 30. Qe8+ Bf8 31. Qxf8+ Kxf8 32. bxa6 Rh1+ 33. Kxh1
Qh3+ 34. Kg1 34... Qg2# {Hossa checkmated} 0-1

[Event "ICS rated blitz match"]
[Site "204.178.125.65"]
[Date "1999.09.20"]
[Round "?"]
[White "Hossa"]
[Black "robbok1"]
[Result "0-1"]
[WhiteElo "2412"]
[BlackElo "2465"]
[PlyCount "87"]
[EventDate "1999.??.??"]

1. d4 Nf6 2. c4 c5 3. d5 b5 4. cxb5 a6 5. bxa6 Bxa6 6. Nf3 e6 7. Nc3 exd5 8.
Nxd5 Nc6 9. Bg5 Be7 10. Nxe7 Qxe7 11. b3 O-O 12. a3 Rfe8 13. Ra2 Qe6 14. Rd2
Ne4 15. Rxd7 Nd4 16. Rxd4 cxd4 17. Nxd4 Qd6 18. Bc1 Rad8 19. e3 Nc3 20. Qd2
Qxd4 21. Bxa6 Qg4 22. Bd3 Qxg2 23. Rf1 Nd5 24. Bb5 Nxe3 25. fxe3 Rxd2 26. Bxd2
Rd8 27. Rf2 Qh1+ 28. Bf1 Rd3 29. a4 Rxb3 30. a5 Rb1+ 31. Ke2 Qd5 32. Bg2 Qc4+
33. Kf3 f5 34. Bh3 g6 35. Re2 Rb2 36. Bf1 Qd5+ 37. Kf2 Rxd2 38. a6 Rxe2+ 39.
Bxe2 Qd6 40. Kg2 Qd5+ 41. Kf2 Qh1 42. Kg3 Qg1+ 43. Kf3 Qxh2 44. Bd3 {
Hossa resigns} 0-1

[Event "ICS rated blitz match"]
[Site "204.178.125.65"]
[Date "1999.09.26"]
[Round "?"]
[White "Hossa"]
[Black "robbok1"]
[Result "1/2-1/2"]
[WhiteElo "2517"]
[BlackElo "2465"]
[PlyCount "189"]
[EventDate "1999.??.??"]

1. d4 Nf6 2. a3 d5 3. e3 Bf5 4. Bd3 Bxd3 5. cxd3 e6 6. Ne2 c5 7. O-O Nc6 8.
dxc5 Bxc5 9. Nbc3 O-O 10. b4 Bd6 11. e4 Qc7 12. f4 Qb6+ 13. Kh1 dxe4 14. dxe4
Rfd8 15. Bd2 Be7 16. Qe1 a5 17. b5 Nd4 18. Be3 Bc5 19. Bxd4 Bxd4 20. Nxd4 Rxd4
21. Qe3 Ng4 22. Qe2 Rc8 23. Qxg4 Rxc3 24. f5 e5 25. f6 g6 26. Qh4 Rd6 27. Qg5
Rc5 28. a4 Qd8 29. Rae1 b6 30. Ra1 h5 31. Kg1 Rc2 32. Qxe5 Rdd2 33. Kh1 h4 34.
Qe7 h3 35. Qxd8+ Rxd8 36. gxh3 Rdd2 37. Rf3 Rxh2+ 38. Kg1 Rcg2+ 39. Kf1 Rh1+
40. Kxg2 Rxa1 41. Rc3 Rxa4 42. Rc8+ Kh7 43. Rf8 Rxe4 44. Rxf7+ Kg8 45. Rb7 Re6
46. f7+ Kf8 47. Kf3 Rf6+ 48. Ke4 g5 49. Ke5 Rh6 50. Kf5 Kg7 51. Kxg5 Rg6+ 52.
Kf5 Rf6+ 53. Kg4 Rg6+ 54. Kf4 Rh6 55. Kg3 Kf8 56. h4 Rf6 57. h5 a4 58. Kg4 Rxf7
59. Rxb6 Kg7 60. Rg6+ Kh7 61. Kg5 Rb7 62. Rh6+ Kg7 63. b6 a3 64. Rf6 a2 65. Rf1
Rxb6 66. Ra1 Ra6 67. h6+ Kh7 68. Kh5 Ra5+ 69. Kg4 Kxh6 70. Kf4 Ra3 71. Kg4 Kg6
72. Kf4 Kf6 73. Ke4 Ke6 74. Kd4 Kd6 75. Kc4 Ke5 76. Kc5 Ra4 77. Kb5 Ra3 78. Kc5
Ra4 79. Kb5 Ra8 80. Kc5 Ke4 81. Kc4 Ra3 82. Kb4 Ra6 83. Kc4 Ke3 84. Kb5 Ra7 85.
Kc4 Kd2 86. Kb3 Rb7+ 87. Kc4 Rb2 88. Rf1 Ke3 89. Re1+ Kd2 90. Rf1 Ke3 91. Re1+
Kd2 92. Rf1 Ke2 93. Rg1 Kd2 94. Rh1 Ke3 95. Re1+ {Game drawn by repetition}
1/2-1/2

[Event "ICS rated blitz match"]
[Site "204.178.125.65"]
[Date "1999.09.04"]
[Round "?"]
[White "Hossa"]
[Black "salzi"]
[Result "1-0"]
[WhiteElo "2491"]
[BlackElo "2080"]
[PlyCount "32"]
[EventDate "1999.??.??"]

1. e4 c5 2. Ne2 Nc6 3. Nbc3 d6 4. Ng3 Nf6 5. Bc4 e5 6. d3 Be6 7. Bg5 Be7 8.
Bxe6 fxe6 9. O-O O-O 10. f4 h6 11. fxe5 hxg5 12. exf6 gxf6 13. Qh5 Qe8 14. Qh6
Qf7 15. Qh3 Ne5 16. a3 16... Qg7 {salzi resigns} 1-0

[Event "ICS rated blitz match"]
[Site "204.178.125.65"]
[Date "1999.09.11"]
[Round "?"]
[White "Hossa"]
[Black "salzi"]
[Result "1-0"]
[WhiteElo "2459"]
[BlackElo "2034"]
[PlyCount "93"]
[EventDate "1999.??.??"]

1. d4 Nf6 2. c4 d6 3. Nc3 g6 4. e4 Bg7 5. Be2 O-O 6. Nf3 e5 7. Bg5 Nbd7 8. O-O
c6 9. Qd2 Qc7 10. Bh6 Ne8 11. dxe5 dxe5 12. Rad1 f6 13. Bxg7 Nxg7 14. Qh6 Ne6
15. Rfe1 a5 16. b3 Ndc5 17. Rd2 Bd7 18. Red1 Rad8 19. Bf1 Bc8 20. Qh4 Kg7 21.
Kh1 Rxd2 22. Nxd2 Rd8 23. Be2 Nd4 24. f3 Nxe2 25. Nxe2 Rd3 26. Qf2 Ne6 27. Nc1
Rd4 28. a4 Qd8 29. Qe3 Nf4 30. Qe1 Nd3 31. Nxd3 Rxd3 32. Qe2 Be6 33. Qe1 b5 34.
axb5 cxb5 35. Qf2 bxc4 36. bxc4 Bxc4 37. Qe1 Bb3 38. Rc1 Rxd2 39. Rc7+ Kg8 40.
Rc8 Qxc8 41. Qxd2 a4 42. h3 a3 43. Kh2 a2 44. Qe3 a1=Q 45. Qxb3+ Kg7 46. Qb4
Qd4 47. Qe7+ {salzi resigns} 1-0

[Event "ICS rated blitz match"]
[Site "204.178.125.65"]
[Date "1999.09.11"]
[Round "?"]
[White "Hossa"]
[Black "salzi"]
[Result "1-0"]
[WhiteElo "2468"]
[BlackElo "2025"]
[PlyCount "67"]
[EventDate "1999.??.??"]

1. d4 Nf6 2. c4 d6 3. Nc3 g6 4. e4 Bg7 5. Be2 O-O 6. Nf3 e5 7. Bg5 Nbd7 8. O-O
c6 9. Qd2 Qc7 10. Bh6 Ne8 11. dxe5 dxe5 12. Rad1 f6 13. Bxg7 Nxg7 14. Qh6 a5
15. Rfe1 Nc5 16. Rd2 Nge6 17. Red1 Bd7 18. Nh4 Rad8 19. Bg4 Bc8 20. b3 Rxd2 21.
Rxd2 Rd8 22. Rxd8+ Qxd8 23. Nxg6 hxg6 24. Qxg6+ Kf8 25. Bh5 Qe7 26. g3 Bd7 27.
Bf3 Qg7 28. Qh5 Qg5 29. Qh8+ Kf7 30. Nd1 Nd4 31. Bh5+ Ke7 32. h4 Qd2 33. Qg7+
Kd6 34. Qf8+ {salzi resigns} 1-0

[Event "ICS rated blitz match"]
[Site "204.178.125.65"]
[Date "1999.09.11"]
[Round "?"]
[White "Hossa"]
[Black "salzi"]
[Result "1-0"]
[WhiteElo "2464"]
[BlackElo "2029"]
[PlyCount "37"]
[EventDate "1999.??.??"]

1. d4 Nf6 2. c4 d6 3. Nc3 g6 4. e4 Bg7 5. Be2 O-O 6. Nf3 e5 7. Bg5 Nbd7 8. O-O
c6 9. Qd2 Qc7 10. Bh6 Ne8 11. dxe5 dxe5 12. Rad1 f6 13. Bxg7 Nxg7 14. Qh6 a5
15. Rfe1 Nc5 16. Rd2 Be6 17. Red1 Rfd8 18. Qh4 Qe7 19. Rxd8+ {salzi resigns}
1-0